| 000 | 00507nam a2200169Ia 4500 | ||
|---|---|---|---|
| 008 | 210210b2000 xxu||||| |||| 00| 0 eng d | ||
| 020 | _a81 225 0168 0 | ||
| 082 | _a658.001 SRIB | ||
| 100 | _aSRIVASTAVA (Alok). | ||
| 245 | _aBusiness economics and public finance. Ed 1. | ||
| 250 | _a | ||
| 260 |
_aAllahabad. _bKitab mahal _c2000 |
||
| 300 | _a440 | ||
| 650 | _aBusiness Economics, Public Finance, Consumption, Production, Cost, Revenue, Pricing | ||
| 690 | _aBusiness Economics | ||
| 906 | _a056478 | ||
| 999 |
_c104008 _d104008 |
||